| 000 | 00491nam a2200181 i 4500 | ||
|---|---|---|---|
| 001 | 23848 | ||
| 003 | ES-MaACL | ||
| 005 | 20240522063032.0 | ||
| 007 | t| | ||
| 008 | 021212s1882 it ||||1| ita d | ||
| 100 | 0 |
_aDe Amicis, Edmondo, _d1846-1908 _943032 |
|
| 245 | 1 | 0 |
_aRicordi di Parigi / _cEdmondo De Amicis. |
| 250 | _a5. ed. | ||
| 260 |
_aMilano : _bFratelli Treves, _c1882. |
||
| 300 |
_a330 p. ; _c19 cm. |
||
| 852 |
_aES-MaACL _jF-10045 |
||
| 999 |
_c23848 _d23848 |
||